Albums commençant par la lettre E - Statistiques

Statistiques générales
  • Ce quiz a été pris 7 fois
  • Le résultat moyen est 6 sur 20
Statistiques - réponses
Par images Réponse % Correct
The Eminem Show - Eminem
71%
Enna - PLK
57%
ERRR - La Fève
57%
Evolve - Imagine Dragons
57%
En Esprit - Heuss l’Enfoiré
43%
Étoile Noire - Luv Resval
43%
EXIT - Luther
43%
Echelon 2 - VALD
29%
Electric Warrior - T.Rex
29%
Euphories - Vidéoclub
29%
The E.N.D. - Black Eyed Peas
29%
The English Riviera - Metronomy.
29%
Echecs Positifs - Josman
14%
EDNA - Headie One
14%
Elephant - The White Stripes
14%
En attendant la popance 2 - Lyonzon
14%
Encore un Baiser - Niagara
14%
Everywhere at the end of Time - The Caretaker
14%
Evil Empire - Rage Against the Machine
14%
Essence Ordinaire - Zebda
0%
Aucun quiz correspondant
Distribution des résultats
% des personnes avec chaque résultat
Percentile par nombre de réponses
Votre historique - résultats
Vous n’avez pas pris ce quiz